000 00389nam a2200157Ia 4500
008 230718s9999 xx 000 0 und d
041 _aeng
082 _a330.2
_bDEW
100 _aDewett K.K.
_9109237
245 _aModern Economic Theory
260 _c2005
_bS.Chand
300 _a558
365 _cRs.
_b350.00
700 _aDewett K.K.
_9109237
906 _d2536/29.12.2005
_cOTH
_b52.5
999 _c311880
_d311880